Nguyễn Văn Dung phạm tội "Cướp tài sản" /
Đã lưu trong:
| 主要作者: | |
|---|---|
| 格式: | Bài viết |
| 語言: | Vietnamese |
| 主題: | |
| 標簽: |
添加標簽
沒有標簽, 成為第一個標記此記錄!
|
| Thư viện lưu trữ: | Thư viện Trường Đại học Đà Lạt |
|---|
| LEADER | 00765nam a2200265 4500 | ||
|---|---|---|---|
| 001 | DLU100109079 | ||
| 005 | ##20100614 | ||
| 040 | # | # | |a DLU |b vie |
| 041 | # | # | |a vie |
| 044 | # | # | |a vn |
| 100 | # | # | |a Nguyễn Xuân Trường. |
| 245 | # | # | |a Nguyễn Văn Dung phạm tội "Cướp tài sản" / |c Nguyễn Xuân Trường. |
| 653 | # | # | |a Cướp |
| 653 | # | # | |a Chiếm dụng |
| 653 | # | # | |a Tội phạm hình sự |
| 773 | # | # | |t Tạp chí Toà án nhân dân |g Số8(16), 2008, tr. 37 |
| 920 | # | # | |a Phòng Tạp chí -- Trung tâm Thông tin - Thư viện Trường Đại học Đà Lạt |
| 994 | # | # | |a DLU |
| 900 | # | # | |a True |
| 911 | # | # | |a Nguyễn Thị Linh Chi |
| 925 | # | # | |a G |
| 926 | # | # | |a A |
| 927 | # | # | |a BB |
| 980 | # | # | |a Thư viện Trường Đại học Đà Lạt |